000 00666nam a2200229Ia 4500
003 GCL
008 140319s9999 xx 000 0 ara d
040 _aGCL /
_cGCL
082 0 4 _a229.3
_bا د
100 1 _aعبدالحليم محمود
245 1 0 _aالدعاء المستجاب من الحديث والكتاب /
_cعبدالحليم محمود
700 1 _aاحمد عبدالجواد
260 _a[S.N] :
_bمكتبة مدبولى
300 _a173 ص
490 _a
650 0 4 _aالاسلام
650 0 4 _aالحديث
650 0 4 _aالادعية والاوراد
650 0 4 _aالادعية
650 0 4 _aالقران
942 _2ddc
_cBK
999 _c53156
_d53156